000 00306nam a2200133Ia 4500
008 210716s1966 xx 000 0 und d
041 _aeng
082 _a303.64 WESJ
100 _aWest, J F.
245 _aGreat intellectual revolution.
250 _a1
260 _aNew York
_c1966
300 _aviii,135
999 _c201098
_d201098